[Event "Ruhrgebiet VK3 0405"]
[Site "Ruhrgebiet"]
[Date "2004.11.28"]
[Round "4.8"]
[White "Reschke, Juergen"]
[Black "Scholz, Martin"]
[Result "1/2-1/2"]
[WhiteElo "1905"]
[BlackElo "1878"]
[PlyCount "97"]
[EventDate "2004.09.12"]
[EventType "team"]
[EventRounds "9"]
[EventCountry "GER"]
[SourceTitle "EXT 2006"]
[Source "ChessBase"]
[SourceDate "2005.11.24"]
[SourceVersion "1"]
[SourceVersionDate "2005.11.24"]
[SourceQuality "1"]
[WhiteTeam "Dortmund Hansa III"]
[BlackTeam "Witten"]
[WhiteTeamCountry "GER"]
[BlackTeamCountry "GER"]

1. e4 e5 2. Nf3 d6 3. d4 Nf6 4. Nc3 Nbd7 5. Bc4 Be7 6. 0-0 0-0 7. Bg5 c6 8. dxe5 dxe5 9. Qe2 Qc7 10. a3 Nc5 11. Bh4 Nh5 12. Nxe5 Nf4 13. Qe3 Bxh4 14. Qxf4 Bf6 15. Nd3 Qxf4 16. Nxf4 Bxc3 17. bxc3 Nxe4 18. Rfe1 Nxc3 19. Re7 b5 20. Bd3 c5 21. Rae1 c4 22. Ne2 Nxe2+ 23. Bxe2 Bf5 24. c3 Rfd8 25. Re5 Bd3 26. Bf3 Rab8 27. Bc6 a6 28. Bb7 a5 29. Bc6 f6 30. Rxb5 Rxb5 31. Bxb5 Rb8 32. a4 Kf7 33. f3 Rd8 34. Kf2 Rd6 35. Re3 h6 36. h4 h5 37. Be8+ Kf8 38. Bxh5 g6 39. Bg4 f5 40. Bh3 Bc2 41. h5 f4 42. Re5 gxh5 43. Rxh5 Rd3 44. Rxa5 Rxc3 45. Bf5 Ke7 46. Be4 Ke6 47. Ra8 Bd3 48. Rd8 Rc2+ 49. Ke1 1/2-1/2

[Event "Muensterland Verbandsklasse-A 0304"]
[Site "Germany"]
[Date "2004.01.17"]
[Round "5.2"]
[White "Wetterau, Georg"]
[Black "Scholz, Martin"]
[Result "1/2-1/2"]
[WhiteElo "1932"]
[BlackElo "1878"]
[PlyCount "56"]
[EventDate "2003.09.20"]
[EventType "team"]
[EventRounds "9"]
[EventCountry "GER"]
[SourceTitle "EXT 2005"]
[Source "ChessBase"]
[SourceDate "2004.11.15"]
[SourceVersion "1"]
[SourceVersionDate "2004.11.15"]
[SourceQuality "1"]
[WhiteTeam "Nordwalde"]
[BlackTeam "Muenster Indische Dame"]
[WhiteTeamCountry "GER"]
[BlackTeamCountry "GER"]

1. e4 c5 2. Nc3 g6 3. g3 Bg7 4. Bg2 e6 5. f4 d6 6. d3 Nc6 7. Nf3 Nf6 8. 0-0 0-0 9. h3 h5 10. Be3 Ne8 11. e5 Bd7 12. exd6 b6 13. d4 Nxd6 14. dxc5 Nc4 15. Bc1 bxc5 16. Qd3 Nb6 17. Be3 Nb4 18. Qe2 Rc8 19. Ne5 N4d5 20. Bd2 Qe8 21. Rfe1 Nxc3 22. Bxc3 Nd5 23. Bd2 Nb4 24. Be3 Ba4 25. b3 Bc6 26. Bxc5 Bb5 27. c4 Rxc5 28. cxb5 Qxb5 1/2-1/2